000 02509cam a2200385 i 4500
003 PE-LiUPU
005 20250731183448.0
008 180814e201712 pe ab b f000 0 spa d
040 _aH7K
_bspa
_erda
_cPE-LiUPU
_dPE-LiUPU
050 0 0 _aNA9178.M65
_bP56 2017
082 0 0 _a720.98534
_bP644m
_223
100 1 _aPimentel Gurmendi, Víctor,
_d1928-
_eautor.
245 1 0 _aMoquegua. Patrimonio patrimonio arquitectónico y urbanístico :
_bContiene 7 planos
_h[Planos] /
_cVíctor Pimentel Gurmendi.
250 _aPrimera edición.
264 1 _a[Moquegua, Perú] :
_bUniversidad Nacional de Moquegua,
_c2017.
300 _a07 planos ;
_c70 x 50 centímetros.
336 _atext
_btxt
_2rdacontent
336 _astill image
_bsti
_2rdacontent
337 _aunmediated
_bn
_2rdamedia
338 _avolume
_bnc
_2rdacarrier
500 _a"Arquitectura de Moquegua / Graciela Viñuelas y Ramón Gutiérrez"--p. 172-189.
500 _a"Los elementos de la forma en la arquitectura doméstica moqueguana" / Guillermo Pérez -- p. 190-210.
501 _aFolder con 7 planos
504 _aIncluye referencias bibliográficas.
505 _aN. 7-1802-597. RED ARTERIAL Y ZONIFICACIÓN GENERAL, OFICINA NACIONAL DE PLANEAMIENTO Y URBANISM0, AGOSTO 1958 (REDUCCIÓN AL 60%) -- S/N, PLANO MONUMENTAL DE MOQUEGUA AFECTADO POR ENSANCHE DE CALLES SEGÚN PROYECTOS DE ONPU (PLA NO N. 7-1802-597), OFICINA NACIONAL DE PLANEAMIENTO Y URBANISMO, MARZO 1966 (REDUCCION AL 89%) -- R.M.O01, PLANO MONUMENTAL DE MOOUEGUA, OFICINA NACIONAL DE PLANEAMIENTO Y URBANISMO, MARZO 1966 (REDUCCIÔN AL 81%) -- R.M.002. PLANO MONUMENTAL DE MOQUEGUA AFECTADO POR ENSANCHE DE CALLES SEGÚN PROYECTOS DE ONPU (PLANON. 7-1802-597), OFICINA NACIONAL DE PLANEAMIENTO Y URBANISMO, MARZO 1966 (REDUCCIÓN AL 88%) -- R.M.O03, ELEVACIONES CON FRENTE A LA PLAZA DE ARMAS DE LA CIUDAD DE MOQUEGUA, OFICINA NACIONAL DE PLANEAMIENTO Y URBANISMO, MARZO 1966 (REDUCCIÓN AL 81%) -- R.M. 004, CALLE TÍPICA DE LA CIUDAD DE MOQUEGUA, ONPU, MARZO 1966 (REDUCCIÓN AL 91%) -- A0001, PAROUE INFANTIL MOQUEGUA, CORPORACIÚN NACIONAL DETURISMO DEL PERÚ, MAYO 1964 (REDUCCIÓN AL 65%)
526 _aP158
526 _aP146
526 _aP17
526 _aP12
526 _aP06
651 1 4 _aMoquegua (Ciudad)
_xConservación y restauración
_vPlanos.
_94415
710 _aUniversidad Nacional de Moquegua.
_94414
942 _2ddc
_cVM
_n0
980 _618226
_aJaime Vilcazán Jefe de Análisis Documental
_81
_gALBERTO SANCHEZ Responsable de Automatización
999 _c62625
_d62624